00869nam a22002297a 4500003001100000005001700011008004100028040003900069041000800108082001600116100002100132245010500153260007000258300002800328650003700356650005900393650005200452700002200504942000700526952009100533999001500624LK-CoMWRAF20240118120134.0231224b1985 |||||||| |||| 00| 0 eng d aLK-CoMWRAFdLK-CoMWRAFeLK-CoMWRAF aeng a361.74bFER aFernando, Vijita aDevelopment consortia in Sri Lanka : ba critical examination of NGOs and NGO umbrella organisations aColombo: bNGO Water Supply and Sanitation Decade Service, c1985 av, 73 p. : map ; 23 cm. aCommunity development--Sri Lanka a Volunteer workers in community development--Sri Lanka aVolunteer workers in social service--Sri Lanka. a De Mel, J. Henry cBK 00104070aMAINbMAINd2023-12-24l0o361.74 FERpRAF4612r2023-12-24w2023-12-24yBK c4552d4552